000 00557nam a22001697a 4500
999 _c8388
_d8388
008 201117b ||||| |||| 00| 0 eng d
040 _aBMS College of Architecture
100 _aShirisha, P
245 _aHA-TA becoming more and more of me (Yoga, meditation and counselling centre)
300 _aNA
500 _a1BM15AT095
502 _8B,Arch
_NBMS College of Architecture, Visvesvaraya Technological University (VTU)
_aProject report
_d2019
650 _aNA
700 _aKerman Sen
_eGuide
700 _aSriganesh Rajendran
_eGuide
942 _2ddc
_cTHE